China's discovery of Africa ; lectures given at the University of London on January 22 and 23, 1947.

Bibliographic Details
Main Author: Duyvendak, J. J. L. (Jan Julius Lodewijk), 1889-1954
Format: Book
Language:English
Published: Londn : A. Probsthain, 1949.
Subjects:

MARC

Tag First Indicator Second Indicator Subfields
LEADER 00000cam a2200000 4500
001 in00000060324
005 20151007082530.0
008 751202s1949 enkfb 00000 eng
010 |a  51002959  
035 |a (OCoLC)01868581 
035 |9 AAF8020AM 
040 |a DLC  |c FXG  |d TXA  |d UtOrBLW 
049 |a TXAM  |c [464307] 
050 0 0 |a DT7  |b .D85 
082 0 |a 327.51096 
092 |a 327.51  |b D988c 
100 1 |a Duyvendak, J. J. L.  |q (Jan Julius Lodewijk),  |d 1889-1954. 
245 1 0 |a China's discovery of Africa ;  |b lectures given at the University of London on January 22 and 23, 1947. 
264 1 |a Londn :  |b A. Probsthain,  |c 1949. 
300 |a 35 pages :  |b plates, map. ;  |c 25 cm. 
336 |a text  |b txt  |2 rdacontent 
337 |a unmediated  |b n  |2 rdamedia 
338 |a volume  |b nc  |2 rdacarrier 
500 |a Bibliographical footnotes. 
651 0 |a Africa  |x Description and travel. 
651 0 |a China  |x Relations  |z Africa. 
651 0 |a Africa  |x Relations  |z China. 
999 |a MARS 
999 f f |s 98edbd89-2f20-3bd7-aefc-4578f3bc3388  |i 50fdce44-ca5b-3143-aa3d-ce67d3b3218f  |t 0 
952 f f |p ric  |a Texas A&M University  |b Rellis Campus  |c Joint Library Facility  |d Remote Storage  |t 0  |e DT7 .D85  |h Library of Congress classification  |i unmediated -- volume  |m A14800676206 
998 f f |a DT7 .D85  |t 0  |l Remote Storage